Combattants Français présent à l'UFC Paris 2 - Statistiques

Statistiques générales
  • Ce quiz a été pris 233 fois
  • Le résultat moyen est 6 sur 9
Statistiques - réponses
Réponse % Correct
Benoit Saint-Denis
95%
Cyril Gane
91%
Morgan Charrière
81%
Manon Fiorot
78%
William Gomis
71%
Taylor Lapilus
62%
Nora Cornolle
39%
Yanis Ghemmouri
33%
Zarah Fairn
15%
Aucun quiz correspondant
Distribution des résultats
% des personnes avec chaque résultat
Percentile par nombre de réponses
Votre historique - résultats
Vous n’avez pas pris ce quiz